000 00477cam a2200193ua 4500
001 2626
008 110829n ii |||gr||||Z||||||asm
040 _cMAIN
082 _a410
100 1 _aGoswami, Upendra Nath,
_eAuthor.
245 1 1 _aBhasa aru sahitya
_cby Upendra Nath Goswami
250 _a2nd.
260 _aGuahati:
_bNew book stall,966.
300 _a209p:
_c23cm.
653 _aLanguage
653 _aAssamese Language
653 _aBhasa aru sahitya
942 _cBK
999 _c2477
_d2477